000 00560nam a2200181 a 4500
001 000009152
005 20200929161513.0
008 090928s1973 dr c 001 p spa d
040 _aDO-SdBNP
_bspa
_cBNPHU
082 _aE861.2
_bO51v
100 1 _aOlmedo, José Joaquín,
_d1780-1847
_923821
245 1 3 _aLa victoria de Junín :
_bcanto a Bolivar /
_cJosé Joaquín Olmedo.
260 _aSanto Domingo :
_b[s.n.],
_c1973.
300 _a12 :
_bretrs. ;
_c22 cm.
650 4 _aPoesía ecuatoriana
_913387
650 4 _aLiteratura ecuatoriana
_93938
049 _aBNPD
999 _c8916
_d8916